000 01037nam a22002657a 4500
999 _c63521
_d63521
005 20240530110645.0
008 171023s2015 ua a g b 000 0 ara d
017 _a2015/5200
_bمصر. دار الكتب
020 _a9789773506315
040 _aEG-CaGPL
_cEG-CaGPL
082 0 4 _221
_a327.16\
_bع أ
100 0 _aعامر مصباح .
245 1 2 _aالامن المجتمعى فى تشكيل العلاقات الدولية الجديدة :
_bمناقشة النماذج النظرية /
_cعامر مصباح .
250 _aط.1
260 _aالقاهرة :
_bدار الكتاب الحديث ،
_c2015 .
300 _a488 ص. ؛
_c24 سم .
504 _aببليوجرافية : ص 455 - 483
650 0 7 _2qrmak
_aالامن الدولى .
650 0 7 _2qrmak
_aالاجتماع المعرفى ، علم .
650 0 7 _2qrmak
_aالاجتماع الامنى ، علم .
650 0 7 _2qrmak
_aالعلاقات الدولية .
651 _2qrmak
942 _2ddc
_cBK